书目信息 |
| 题名: |
握住风云:毛泽东交往实录
|
|
| 作者: | 张秀娟 主编 | |
| 分册: | ||
| 出版信息: | 济南 山东人民出版社 2000.01 |
|
| 页数: | 693页 | |
| 开本: | 32开 | |
| 丛书名: | ||
| 单 册: | ||
| 中图分类: | A752 | |
| 科图分类: | ||
| 主题词: | 毛泽东--生平事迹 , 毛泽东--传记 | |
| 电子资源: | ||
| ISBN: | 7-209-02273-2 | |
| 000 | 00615nam0 2200205 45 | |
| 001 | 0010281025 | |
| 005 | 20001028103329.0 | |
| 010 | @a7-209-02273-2@d60.00元 | |
| 100 | @a20001028d2000 km y0chiy0120 ea | |
| 101 | 0 | @achi |
| 105 | @a z 000yy | |
| 200 | 1 | @a握住风云:毛泽东交往实录@AWo Zhu Feng Yun:Mao Ze Dong Jiao Wang Shi Lu@f张秀娟主编@FZhang Xiu Juan Zhu Bian |
| 210 | @a济南@c山东人民出版社@d2000.01 | |
| 215 | @a693页@d32开 | |
| 606 | 0 | @a毛泽东@x生平事迹 |
| 606 | 0 | @a毛泽东@x传记 |
| 690 | @aA752@v3 | |
| 701 | 0 | @a张秀娟@4主编 |
| 801 | @aCN@bPftUser@c20001028 | |
| 905 | @b193823-824@dA752@eZH360@f2 | |
| 握住风云:毛泽东交往实录/张秀娟主编.-济南:山东人民出版社,2000.01 |
| 693页;32开 |
| ISBN 7-209-02273-2:60.00元 |
| ● |
| 相关链接 |
|
|
|
正题名:握住风云:毛泽东交往实录
索取号:A752/ZH360
 
预约/预借
| 序号 | 登录号 | 条形码 | 馆藏地/架位号 | 状态 | 备注 |
| 1 | 193823 | 201938234 | 社科库509/509社科库 3排2列3层/ [索取号:A752/ZH360] | 在馆 | |
| 2 | 193824 | 201938243 | 社科库509/509社科库 3排2列3层/ [索取号:A752/ZH360] | 在馆 |